Vybrané problémy vztahu výchovy a prostředí

Gespeichert in:
Bibliographische Detailangaben
Format: Buch
Sprache:Tschechisch
Veröffentlicht: Brno unverzita J.E. Purkyně 1983
Schriftenreihe:Spisy pedagogické fakulty UJEP v Brně sv. 23
Tags: Tag hinzufügen
Keine Tags, Fügen Sie das erste Tag hinzu!

MARC

LEADER 00000nam a2200000 4500
001 c133762
005 20250711075646.0
041 0 |a cze 
044 |a CZ 
245 1 0 |a Vybrané problémy vztahu výchovy a prostředí  |c Milan Přadka 
264 1 |a Brno  |b unverzita J.E. Purkyně  |c 1983 
300 |a 173 S. 
490 1 |a Spisy pedagogické fakulty UJEP v Brně  |v sv. 23 
830 0 |a Spisy pedagogické fakulty UJEP v Brně  |v sv. 23